• 首页
  • 本馆介绍
  • 公告通知
  • 最新文献
  • 馆藏检索
  • 电子资源
  • 读者导购
  • 参考咨询
  • 我的图书馆
  • 登录
  • 详细信息显示
  • 放入我的书架
  • 预约/预借图书
  • 作者相关作品
  • 分类相关作品
  • 丛书相关作品
  • 出版社相关作品

书目信息

  • 表格格式
  • 工作单格式
  • 卡片格式
题名:
旅游商品学
    
 
作者: 钟志平 著
分册:  
出版信息: 北京   中国旅游出版社  2005
页数: 11,288页
开本: 21cm
丛书名: 高等院校旅游教材
单 册:
中图分类: F762.7
科图分类:
主题词: 旅游商品--高等学校--教材
电子资源:
ISBN: 7-5032-2569-6
000 01154nam0 2200337 450
000 01117nam0 2200325 450
000 01116nam0 2200337 450
000 01062nam0 2200313 450
000 01091nam0 2200301 450
000 01054nam0 2200289 45
001 TS2006046607
005 20061210144539.23
010    @a7-5032-2569-6@dCNY19.00
100    @a20060829d2005 em y0chiy0120 ea
101 0  @achi
102    @aCN@b110000
105    @ay z 000yy
200 1  @a旅游商品学@ALu^ You Shang Pin Xue@f钟志平著@FZhong Zhi Ping Zhu
210    @a北京@c中国旅游出版社@d2005
215    @a11,288页@d21cm
225 2  @a高等院校旅游教材
330    @a本书包括绪论、旅游商品分类、旅游商品质量、旅游商品文化、旅游商品标准化、旅游商品包装、旅游商品检验等11章。
410  0 @12001 @a高等院校旅游教材
606 0  @a旅游商品@x高等学校@x教材
690    @aF762.7@v4
701  0 @a钟志平@AZhong Zhi Ping@4著
801  0 @aCN@b中图数据@c20061210
905    @a10447@dF762.7@e24
    
    旅游商品学/钟志平著.-北京:中国旅游出版社,2005
    11,288页;21cm.-(高等院校旅游教材)
    
    
    ISBN 7-5032-2569-6:CNY19.00
    本书包括绪论、旅游商品分类、旅游商品质量、旅游商品文化、旅游商品标准化、旅游商品包装、旅游商品检验等11章。
●
相关链接 在E读中查询图书 在五车中查询图书 在当当中查询图书 在豆瓣中查询图书


正题名:旅游商品学     索取号:F762.7/24         预约/预借

序号 登录号 条形码 馆藏地/架位号 状态 备注
1 0600540   206005400   第一样本阅览室/ [索取号:F762.7/24] 在馆    
2 0600541   206005419   第一借阅区/ [索取号:F762.7/24] 在馆    
3 0600542   206005428   第一借阅区/ [索取号:F762.7/24] 在馆    
4 0600543   206005437   第一借阅区/ [索取号:F762.7/24] 在馆    
5 0600544   206005446   第一借阅区/ [索取号:F762.7/24] 在馆    
6 0600545   206005455   第一借阅区/ [索取号:F762.7/24] 在馆    
唐山师范学院图书馆 欢迎您!
大连网信软件有限公司© 版权所有